000 01324nam a2200349Ia 4500
001 dia_4859
003 CHAP
005 20251023172105.0
008 220117s2006 xx 000 0 und d
010 _a175663
020 _a958-8308-12-8
040 _cCHAP
082 _a657.047 M77 2006
100 _aMontes Salazar, Carlos Alberto
_977905
245 _aDirectrices internacionales de contabilidad para Pymes : preguntas y respuestas /
_c Carlos Alberto Montes Salazar, Eutimio Mejía Soto y Omar de Jesús Montilla Galvis
260 _aColombia, Santiago de Cali :
_b Universidad Libre Seccional Cali,
_c2006
300 _a255 p.
503 _aC/e
504 _aBibliografía: p. 253 - 255
590 _aHF5686 M77 2006
650 _aEmpresas internacionales
_xContabilidad
_9156904
650 _aInternational business enterprises
_x Accounting
_9156905
650 _aNormas Nacionales de Contabilidad
_9156906
650 _aPequeñas y medianas empresas
_xContabilidad
_9156907
650 _aSmall business
_x Accounting
_9156908
700 _aMejía Soto, Eutimio, coaut.
_9156909
700 _aMontilla Galvis, Omar de Jesús, coaut.
_9156910
901 _a657.047 M77 2006
902 _aM
905 _a5232272006 ck n 8222223322spa16
942 _cLIBRO
_2ddc
999 _c175663
_d175663